00330nam a2200121Ia 4500003000400000008004100004040001600045082001700061245003200078260008200110300001100192490000500203GCL140319s9999 xx 000 0 ara d aGCL / cGCL04a336.2bح ن10aالنظم الضريبية a[S.N] : bكلية التجارة - جامعة الاسكندرية ، c1991 a640 ص a